header

Preclinical development handbook. (Record no. 41762)

MARC details
000 -LEADER
fixed length control field 01284nam a2200325Ia 4500
245 00 - TITLE STATEMENT
Title Preclinical development handbook.
260 ## - PUBLICATION, DISTRIBUTION, ETC. (IMPRINT)
Place of publication Hoboken, NJ :
Name of publisher Wiley-Interscience,
Year of publication c2008.
300 ## - PHYSICAL DESCRIPTION
Number of Pages xiii, 1059 p. :
Other physical details ill.
650 #0 - SUBJECT ADDED ENTRY--TOPICAL TERM
Topical Term Drugs
Topical Term Drugs
700 1# - ADDED ENTRY--PERSONAL NAME
Personal name Gad, Shayne C.,
856 40 - ELECTRONIC LOCATION AND ACCESS
Uniform Resource Identifier http://site.ebrary.com/lib/rucke/Doc?id=10226745

No items available.

© 2026 Rongo University
Contact us: librarian | system librarian | Rongo university